00367 2200145 4500001002100000005001500021035002000036245005700056100002000113250000600133260003600139082000800175084001400183990002400197INLIS00000000000249920250604112606 a0010-06250000851 aBerkenalan Dengan Puisi /cProf. Dr. Sumito A.Sayuti0 aSumito A.Sayuti a1 aYogyakarta :bGama Media,c2002 a813 a813 SUM b a02.1740 s/d 02.1749